METADATA AND DIGITAL LIBRARY SYTSEMS (Record no. 216195)

MARC details
000 -LEADER
fixed length control field 00563nam a22001577a 4500
008 - FIXED-LENGTH DATA ELEMENTS--GENERAL INFORMATION
fixed length control field 251117b |||||||| |||| 00| 0 eng d
020 ## - INTERNATIONAL STANDARD BOOK NUMBER
International Standard Book Number 979-8-88715-084-0
100 ## - MAIN ENTRY--PERSONAL NAME
Personal name EPSTEIN, GARY
245 ## - TITLE STATEMENT
Title METADATA AND DIGITAL LIBRARY SYTSEMS
260 ## - PUBLICATION, DISTRIBUTION, ETC.
Place of publication, distribution, etc. DUBLIN
Name of publisher, distributor, etc. ORYSON PRESS
Date of publication, distribution, etc. 2023
300 ## - PHYSICAL DESCRIPTION
Extent VI, 300P.
500 ## - GENERAL NOTE
General note INCLUDES INDEX
650 ## - SUBJECT ADDED ENTRY
Topical term or geographic name entry element 1.METADATA- LIBRARY APPLICATIONS 2. DIGITAL LIBRARIES - MANAGEMENT 3. INFORMATION ORGANIZATIONS -STANDARDS 4. INFORMATION STORAGE AND RETRIEVAL SYSTEMS - LIBRARIES
942 ## - ADDED ENTRY ELEMENTS (KOHA)
Source of classification or shelving scheme Library of Congress Classification
Koha item type Long Loan Book
Holdings
Withdrawn status Lost status Source of classification or shelving scheme Damaged status Not for loan Collection Home library Current library Shelving location Date acquired Inventory number Total checkouts Full call number Barcode Date last seen Date last checked out Copy number Price effective from Koha item type
    Library of Congress Classification     Science & Technology Kisii University Library Kisii University Library On Display 11/17/2025 109791 1 Z 699 .E67 2023 000000015752 03/09/2026 03/03/2026 C.1 11/17/2025 Long Loan Book
    Library of Congress Classification     Science & Technology Kisii University Library Kisii University Library On Display 11/17/2025 109792   Z 699 .E67 2023 000000015751 11/17/2025   C.2 11/17/2025 Long Loan Book
    Library of Congress Classification     Science & Technology Kisii University Library Kisii University Library On Display 11/17/2025 109793   Z 699 .E67 2023 000000015750 11/17/2025   C.3 11/17/2025 Long Loan Book
    Library of Congress Classification     Science & Technology Kisii University Library Kisii University Library On Display 11/17/2025 109794   Z 699 .E67 2023 000000022998 11/17/2025   C.4 11/17/2025 Long Loan Book